Fuori orario /

Kaydedildi:
Detaylı Bibliyografya
Yazar: Shore, Howard (Besteci)
Diğer Yazarlar: Scorsese, Martin (Tönetmen), Garr, Teri (Aktör), Dunne, Griffin (Aktör), Arquette, Rosanna (Aktör), Fiorentino, Linda (Aktör), Heard, John (Aktör), Minion, Joseph (Senarist)
Materyal Türü: Saydam/Asetat
Dil:İtalyanca
Baskı/Yayın Bilgisi: Milano! ; Warner home video distr.!, c1991
Seri Bilgileri:Gli scudi
Etiketler: Etiketle
Etiket eklenmemiş, İlk siz ekleyin!

MARC

LEADER 00000ngm a22000007i 4500
001 IT\ICCU\RAV\0266756
003 ItRI
005 20260124182844.0
008 960202s1991 it |||||||||||||||k|||||c
028 4 2 |a PIV11528 
040 |b ita 
041 7 |a ita  |2 ISO-639-2 
082 |a 791.43617  |9 CINEMA. FILM CON SPECIFICHE CARATTERISTICHE. Commedia  |2 20 
130 0 |a After hours <film ; 1985>  |3 IT\ICCU\MOD\0480565 
245 0 0 |a Fuori orario /  |c regia di Martin Scorsese. 
260 |a Milano! ;  |a Warner home video distr.!,  |c c1991 
300 |a 1 videocassetta VHS (93 min.) :  |b col. (PAL), son 
500 |a Tit. del contenitore 
500 |a Lingua italiana 
500 |a  Ripr. del film del 1985; interpreti Griffin Dunne, Rosanna Arquette, Linda Fiorentino, Teri Garr, John Heard 
500 |a Vietato ai minori di 14 anni. 
700 1 |a Scorsese, Martin  |0 IT\ICCU\LO1V\034103  |4 drt 
700 1 |a Shore, Howard  |0 IT\ICCU\RAVV\088516  |4 cmp 
700 1 |a Garr, Teri  |0 IT\ICCU\RAVV\089809  |4 act 
700 1 |a Dunne, Griffin  |0 IT\ICCU\RAVV\091102  |4 act 
700 1 |a Arquette, Rosanna  |0 IT\ICCU\RAVV\094687  |4 act 
700 1 |a Fiorentino, Linda  |0 IT\ICCU\RAVV\099250  |4 act 
700 1 |a Heard, John  |0 IT\ICCU\RAVV\286014  |4 act 
700 1 |a Minion, Joseph  |0 IT\ICCU\UBOV\641848  |4 sce 
790 1 |a Shore, Howard Leslie  |3 IT\ICCU\SBNV\094431  |z Shore, Howard 
790 1 |a Heard, John Matthew, Jr.  |3 IT\ICCU\SBNV\051327  |z Heard, John 
830 4 |a Gli scudi  |0 IT\ICCU\UFI\0113162 
942 |2 ddc  |c VM  |n 0 
952 |0 0  |1 0  |4 0  |6 VO_225_000000000000000  |7 0  |9 27055  |a BO  |b BO  |d 2026-01-24  |i 6411  |l 0  |o VO 225  |p BO6411  |r 2026-01-24 18:28:44  |w 2026-01-24  |x [Sebina 5] [1 videocassetta]  |y VM  |z 1 videocassetta 
999 |c 22895  |d 22895